000 00554nam a2200145 a 4500
008 120416s1974 ||||||||||||||||| || u
050 _aHC 117.N8 Geo
100 _aGeorge, Roy E
245 1 4 _aThe life and times of industrial estates limited
260 _aHalifax
_bInstitute of Public Affairs
_c1974
350 _a0.00
650 _aINDUSTRIALIZATION--ECONOMIC ASPECTS
650 _aINDUSTRY
995 _D0.00
_FCBU-MAIN LIBRARY (Kitwe)
_H1
_I6.90
_M1
_UAVAILABLE
_ZMain Library Open Access Collection
999 _c49229
_d49229